I Promessi Sposi Melodramma in 4 Parti /

Hlavní autor: Ponchielli, Amilcare, 1834-1886
Další autoři: Zavrtal, Ladislav, 1849-1942
Jazyk: Italština
Vydáno: Milano : Ricordi, [1880]
Fyzický popis: 296 s.
Hudebniny Hudebniny
Uloženo v:
LEADER 00820ncm a22002172a 4500
001 001086559
003 CZ BrMZK
005 20101202122559.0
007 qu
008 980105s1880 it f ita d
040 |a BOA001  |b cze 
072 7 |a 782  |x Divadelní hudba. Opera, opereta, muzikál  |2 Konspekt  |9 9 
100 1 |a Ponchielli, Amilcare,  |d 1834-1886  |7 jn19990006633  |4 cmp 
245 1 2 |a I Promessi Sposi  |h [hudebnina] :  |b Melodramma in 4 Parti /  |c Musica di Amilcare Ponchielli ; Riduzione per Canto e Pianoforte di V. H. Zavertal 
260 |a Milano :  |b Ricordi,  |c [1880] 
300 |a 296 s. 
700 1 |a Zavrtal, Ladislav,  |d 1849-1942  |7 jn20020717787  |4 arr 
910 |a BOA001  |b Mus3-0252.201 
990 |a MU 
991 |b 201002 
996 6 |b 2619449934  |c Mus3-0252.201  |l MZK  |r Sklad / do 1 hodiny  |n 0  |w 001110230  |u 000010  |a 1  |e BOA001  |j MZK50  |s P